| 000 | 00484nam a22001697a 4500 | ||
|---|---|---|---|
| 005 | 20250419103429.0 | ||
| 008 | 250419b |||||||| |||| 00| 0 eng d | ||
| 020 | _a9780745343303 | ||
| 040 |
_aSDCL _cSDCL |
||
| 041 |
_2eng _aeng |
||
| 084 | _aX:(G:55)'P R0 | ||
| 100 |
_aMitropoulos, Angela _9752460 |
||
| 245 |
_aPandemonium : _bThe proliferating borders of capital and the pandemic swerve |
||
| 260 |
_aLondon : _bPluto Press, _c2020 |
||
| 300 | _a132p. | ||
| 942 |
_2CC _cTEXL _n0 |
||
| 999 |
_c1309181 _d1309181 |
||